Information Management (Record no. 2970)
[ view plain ]
| 005 - DATE AND TIME OF LATEST TRANSACTION | |
|---|---|
| control field | 20250602090920.0 |
| 020 ## - INTERNATIONAL STANDARD BOOK NUMBER | |
| International Standard Book Number | 978-81-261-5840-9 |
| 100 ## - MAIN ENTRY--PERSONAL NAME | |
| Author name | KUMARI, P |
| 245 ## - TITLE STATEMENT | |
| Title | Information Management |
| 260 ## - PUBLICATION, DISTRIBUTION, ETC. | |
| Place of publication, distribution, etc. | New Delhi |
| Name of publisher, distributor, etc. | Anmol Publications PVT. LTD |
| Date of publication, distribution, etc. | 2013 |
| 300 ## - PHYSICAL DESCRIPTION | |
| Extent | viii, 278p.: ill; graph. |
| Other physical details | Index |
| Dimensions | 24 cm |
| 942 ## - ADDED ENTRY ELEMENTS (KOHA) | |
| Source of classification or shelving scheme | Dewey Decimal Classification |
| Koha item type | Books |
| Date last seen | Total checkouts | Full call number | Barcode | Cost, replacement price | Price effective from | Koha item type | Lost status | Source of classification or shelving scheme | Damaged status | Not for loan | Withdrawn status | Home library | Current library | Shelving location | Date acquired | Cost, normal purchase price |
|---|---|---|---|---|---|---|---|---|---|---|---|---|---|---|---|---|
| 06/02/2025 | 658.403 KUM | MBY000209 | 147000.00 | 06/02/2025 | Books | Dewey Decimal Classification | CBE MBEYA | CBE MBEYA | Special Reserve Collection | 06/02/2025 | 49000.00 |
